Statistics for Districts of Samoa Map Quiz

Click here to take the quiz!

General Stats

  • This quiz has been taken 42 times
  • The average score is 4 of 11

Answers on the Map

Answers color-coded by a green-red scale on the quiz's map according to % correct below.
 

Answer Stats

Answer% Correct
A'ana
55%
Atua
36%
Fa'asaleleaga
36%
Gaga'emauga
36%
Palauli
36%
Satupa'itea
36%
Vaisigano
36%
Aiga-i-le-Tai
27%
Gaga'ifomauga
27%
Tuamasaga
18%
Va'a-o-Fonoti
18%

Score Distribution

Percentile by Number Answered

Percent of People with Each Score

Your Score History

You have not taken this quiz